000 00449nam a2200181Ia 4500
001 23399
005 20260414150934.0
008 260414t2008||||xx |||||||||||||| ||spa||
041 _aESP
082 _a636.2142
_bM97E
100 _aMuroya Umesaki, César
_eAUT
245 0 _aLos establos lecheros, una visión técnica
_b
260 _c2008
300 _a132 páginas :
_c20 cm.
650 _aCNM
654 _aCCN
942 _cLIB
_dJUS
_fJUS
_2ddc
_n
999 _c23399
_d23399